Nové trendy v marketingu - vybrané problémy

Vznik a charakteristika guerilla marketingu. Najpodstatnejšie rozdiely guerrilla marketingu a tradičného marketingu. Vývoj v guerilla marketingu vplyvom vývoja trhov a informačných a komunikačných technológií. Ťažisko guerilla marketingu v komunikácii. Dôležitosť legality postupov.

Guardado en:
Detalles Bibliográficos
Autor principal: Grančičová, Katarína, 1967-
Formato: Capítulo de libro
Lenguaje:eslovaco
Materias:
Etiquetas: Agregar Etiqueta
Sin Etiquetas, Sea el primero en etiquetar este registro!

MARC

LEADER 00000nla$a2200000$$$4500
001 0142397
005 20240502072542.9
041 0 |a slo 
044 |a SK 
245 1 0 |a Nové trendy v marketingu - vybrané problémy  |c Katarína Grančičová 
520 |a Vznik a charakteristika guerilla marketingu. Najpodstatnejšie rozdiely guerrilla marketingu a tradičného marketingu. Vývoj v guerilla marketingu vplyvom vývoja trhov a informačných a komunikačných technológií. Ťažisko guerilla marketingu v komunikácii. Dôležitosť legality postupov. 
610 2 0 |a marketing 
610 2 0 |a marketing mix 
610 2 0 |a komunikácia marketingová 
610 2 0 |a firmy 
610 2 0 |a zákazníci 
610 2 0 |a konkurencia 
100 1 |a Grančičová, Katarína, 1967-